Talk! : improve self-talk and communication for better relationships : a practical guide (Record no. 214380)

MARC details
000 -LEADER
fixed length control field 00338nam a2200097Ia 4500
082 ## - DEWEY DECIMAL CLASSIFICATION NUMBER
Classification number 158.2 FOUR
008 - FIXED-LENGTH DATA ELEMENTS--GENERAL INFORMATION
fixed length control field 210817s9999 xx 000 0 und d
100 ## - MAIN ENTRY--PERSONAL NAME
Personal name FOURIE, Margaret Welgemoed [South Africa], 2007
9 (RLIN) 66729
245 #0 - TITLE STATEMENT
Title Talk! : improve self-talk and communication for better relationships : a practical guide
942 ## - ADDED ENTRY ELEMENTS
item type Books
Holdings
Withdrawn status Lost status Damaged status Not for loan Home library Current library Date acquired Cost, normal purchase price Total Checkouts Barcode Date last seen Price effective from item type
        eMbalenhle eMbalenhle 18.08.2021 154.00   33228023997081 18.08.2021 18.08.2021 Books